El doctor Nikola / (Record no. 152384)

MARC details
000 -LEADER
campo de control de longitud fija 00841nam a22002295i 4500
001 - NÚMERO DE CONTROL
campo de control 152384
003 - IDENTIFICADOR DE NÚMERO DE CONTROL
campo de control ES-MaACL
005 - FECHA Y HORA DE LA ÚLTIMA TRANSACCIÓN
campo de control 20230906204720.0
008 - DATOS DE LONGITUD FIJA--INFORMACIÓN GENERAL
campo de control de longitud fija 950206q18961900sp a |||| | spa d
040 ## - FUENTE DE CATALOGACIÓN
Centro catalogador/agencia de origen CARM
Lengua de catalogación spa
Centro/agencia transcriptor CCPB | PA2
100 1# - ENTRADA PRINCIPAL--NOMBRE DE PERSONA
Nombre de persona Boothby, Guy (
Fechas asociadas al nombre 1867-1905)
9 (RLIN) 126075
245 13 - MENCIÓN DEL TÍTULO
Título El doctor Nikola /
Mención de responsabilidad, etc. novela escrita en ingles por Guy Boothby ; ilustraciones de Eugenio Alvarez Dumont.
260 ## - PUBLICACIÓN, DISTRIBUCIÓN, ETC.
Lugar de publicación, distribución, etc. [Madrid] :
Nombre del editor, distribuidor, etc. Biblioteca de Alrededor del Mundo,
Fecha de publicación, distribución, etc. 19-?]
300 ## - DESCRIPCIÓN FÍSICA
Extensión 72 p. :
Otras características físicas il. ;
Dimensiones 27 cm.
490 1# - MENCIÓN DE SERIE
Mención de serie Biblioteca de Alrededor del Mundo
596 ## - NOTA AL PIE DE IMPRENTA
NOTA AL PIE DE IMPRENTA Guido Newell Boothby escribió "El doctor Nikola en 1896"
700 1# - ENTRADA AGREGADA--NOMBRE PERSONAL
Nombre de persona Alvarez Dumont, Eugenio.
9 (RLIN) 125634
830 0# - PUNTO DE ACCESO ADICIONAL DE SERIE-TÍTULO UNIFORME
Título uniforme Biblioteca de Alrededor del Mundo
9 (RLIN) 187712
852 ## - LOCALIZACIÓN
Ubicación ES-MaACL
Número de control de estantería G-6060(5)
Nota libre -- Enc. hol.
Holdings
Estatus retirado Estado de pérdida Estado de daño No para préstamo Colección Biblioteca de origen Biblioteca actual Ubicación en estantería Fecha de adquisición Fuente de adquisición Total de préstamos Signatura topográfica completa Código de barras Visto por última vez Precio de reemplazo Tipo de ítem Koha
        Libros del s. XIX Biblioteca del Ateneo de Madrid Biblioteca del Ateneo de Madrid Depósito 2 17/01/2008     G-6060(5) 1159114 23/02/2023 23/02/2023 Libro impreso antiguo